Statistics for Modern-Day Countries of the German Empire on a Map

Click here to take the quiz!

General Stats

  • This quiz has been taken 3,746 times
    (3,319 since last reset)
  • The average score is 27 of 30

Answers on the Map

Answers color-coded by a green-red scale on the quiz's map according to % correct below.
 

Answer Stats

Countries% Correct
Germany
99%
Poland
99%
France
97%
Russia
97%
Denmark
94%
Namibia
94%
Papua New Guinea
94%
Belgium
93%
Cameroon
93%
Netherlands
(Duivelsberg)
93%
Tanzania
93%
Togo
93%
Nigeria
92%
Republic of the Congo
92%
Ghana
91%
Rwanda
91%
Burundi
90%
Central African Republic
90%
China
90%
Lithuania
90%
Chad
89%
F. S. Micronesia
89%
Gabon
88%
Palau
88%
Marshall Islands
86%
Nauru
85%
Samoa
84%
Czech Republic
70%
United States
(Northern Mariana Islands)
69%
Mozambique
58%

Score Distribution

Percentile by Number Answered

Percent of People with Each Score

Your Score History

You have not taken this quiz since the last reset